| 000 | 01284cam a2200373 a 4500 | ||
|---|---|---|---|
| 001 | 13254695 | ||
| 003 | OSt | ||
| 005 | 20180116192425.0 | ||
| 008 | 030627s2002 enka b 000 0 eng | ||
| 010 | _a 2003271673 | ||
| 015 | _aGBA2-V4572 | ||
| 020 | _a071484036X | ||
| 020 | _a9780714840369 | ||
| 035 | _a(OCoLC)ocm50495729 | ||
| 040 |
_aUKM _cUKM _dIXA _dDLC |
||
| 042 | _alccopycat | ||
| 050 | 0 | 0 |
_aN7053.O43 _bA4 2002b |
| 082 | 0 | 4 |
_a709.2 _221 |
| 100 | 1 |
_aGrynsztejn, Madeleine. _97953 |
|
| 245 | 1 | 0 |
_aOlafur Eliasson / _cMadeleine Grynsztejn, Daniel Birnbaum, Michael Speaks. |
| 260 |
_aLondon ; _aNew York, NY : _bPhaidon Press, _c2002. |
||
| 300 |
_a159 p. : _bill. (some col.) ; _c29 cm. |
||
| 440 | 0 |
_aContemporary artists _97954 |
|
| 504 | _aIncludes bibliographical references (p. 159). | ||
| 600 | 1 | 0 |
_aOlafur Eliasson, _d1967- _xCriticism and interpretation. _97955 |
| 650 | 0 |
_aConceptual art. _97956 |
|
| 650 | 0 |
_aEnvironment (Art) _97957 |
|
| 700 | 1 |
_aOlafur Eliasson, _d1967- _97958 |
|
| 700 | 1 |
_aBirnbaum, Daniel, _d1963- _97959 |
|
| 700 | 1 |
_aSpeaks, Michael. _97960 |
|
| 906 |
_a7 _bcbc _ccopycat _d2 _encip _f20 _gy-gencatlg |
||
| 942 |
_2ddc _cBK |
||
| 999 |
_c354048 _d354048 |
||